banner-ar

ADHESIVES IN CIVIL ENGINEERING / (Record no. 16961)

MARC details
000 -الفاتح
حقل البيانات ثابتة الطول 00502nam a2200193Ia 4500
008 - عناصر البيانات ثابتة الطول - معلومات عامة
حقل البيانات ثابتة الطول 140319s9999 xx 000 0 eng d
040 ## - مصدر الفهرسة
وكالة الفهرسة الأصلية GCL /
وكالة النسخ GCL
082 04 - رقم تصنيف ديوى العشرى
رقم التصنيف 624.1899
رقم المادة M A
100 1# - المدخل الرئيسى - إسم شخصى
الإسم الشخصى MAYS,G.C
245 10 - بيان العنوان
العنوان ADHESIVES IN CIVIL ENGINEERING /
بيان المسئوليه,etc MAYS,G.C
700 1# - المدخل الاضافى - اسم شخصى
الإسم الشخصى HUTCHINSON, A.R.
260 ## - PUBLICATION, DISTRIBUTION, ETC. (IMPRINT)
تاريخ النشر أو التوزيع 1992
300 ## - الوصف المادى
التعداد 333
650 04 - المدخل الاضافى بالموضوع-مصطلح موضوعى
مصطلح موضوعي التحليل الرياضى
650 04 - المدخل الاضافى بالموضوع-مصطلح موضوعى
مصطلح موضوعي ADHESIVES
650 04 - المدخل الاضافى بالموضوع-مصطلح موضوعى
مصطلح موضوعي HOINTS
942 ## - عناصر المدخل الإضافي( كوها)
مصدر التصنيف او مخطط الترفيف Dewey Decimal Classification
Koha [default] item type كتاب
260 ## - PUBLICATION, DISTRIBUTION, ETC. (IMPRINT)
-- [S.N] :
-- COMBRIDGE UNIVERSITY PRESS ،
Holdings
حالة التراجع حالة الفقد حالة تلف ليس للاعارة المكان المؤقت الموقع الحالى تاريخ الاكتساب اجمالي اﻻعارات رقم الطلب الباركود تاريخ اخر مشاهدة تاريخ تفعيل السعر نوع وعاء كوها
        مكتبة القاهرة الكبرى مكتبة القاهرة الكبرى 03/26/2014   624.1899\M A 30636 03/26/2014 03/26/2014 كتاب

Powered By

EGPV